000
00279nam a2200121Ia 4500
005
20251222143155.0
008
251222s9999||||xx |||||||||||||| ||spa||
082
_a
200/P87
245
0
_a
Fray Martin de la Caridad:
250
_a
1ra.ed.
264
_b
Eusoniua, S.A.
942
_c
LIB
999
_c
12832
_d
12832